Central Library OPAC University of Rajshahi

প্রীতিকুমার মিত্র স্মারকগ্রন্হ= PRITIKUMER MITRA COMMEMORATIVE VOLUME / (Record no. 48293)

MARC details
000 -LEADER
fixed length control field 01158nam a2200241 a 4500
001 - CONTROL NUMBER
control field 48293
003 - CONTROL NUMBER IDENTIFIER
rucl marc code BD-RjUL
005 - DATE AND TIME OF LATEST TRANSACTION
control field 20211209054508.0
008 - FIXED-LENGTH DATA ELEMENTS--GENERAL INFORMATION
fixed length control field 160514s2009 bg ||||| |||| 00| 0 ben d
020 ## - INTERNATIONAL STANDARD BOOK NUMBER
Terms of availability : TK 500.00
International Standard Book Number 9789843306296
035 ## - SYSTEM CONTROL NUMBER
System control number (BD-RjUL)48412
040 ## - CATALOGING SOURCE
Original cataloging agency BD-RjUL
Language of cataloging ben
Transcribing agency BD-RjUL
041 ## - LANGUAGE CODE
Language code of text/sound track or separate title ben
082 ## - DEWEY DECIMAL CLASSIFICATION NUMBER
Classification number 891.44408
Author mark and year PRI 2009
Edition number 23
245 ## - TITLE STATEMENT
Title প্রীতিকুমার মিত্র স্মারকগ্রন্হ= PRITIKUMER MITRA COMMEMORATIVE VOLUME /
Statement of responsibility, etc. মো. মহবুবুর রহমান, স্বরোচিষ সরকার (সম্পাদক)
260 ## - PUBLICATION, DISTRIBUTION, ETC. (IMPRINT)
Place of publication, distribution, etc. রাজশাহী :
Name of publisher, distributor, etc. ইনস্টিটিউট অব বাংলাদেশ স্টডিজ,
Date of publication, distribution, etc. c২০০৯
300 ## - PHYSICAL DESCRIPTION
Pagination ৫২৮ পৃ. ;
Size ২১ সেমি.
650 ## - SUBJECT ADDED ENTRY--TOPICAL TERM
Topical term or geographic name as entry element বাংলা
9 (RLIN) 116625
Form subdivision প্রবন্ধ
General subdivision সংগ্রহ
Topical term or geographic name as entry element Bengali
9 (RLIN) 116586
Form subdivision Essays
General subdivision Coillection
700 ## - ADDED ENTRY--PERSONAL NAME
Personal name রহমান, মো. মহবুবুর (সম্পাদক)
Personal name সরকার, স্বরোচিষ (সম্পাদক)
942 ## - ADDED ENTRY ELEMENTS (KOHA)
Source of classification or shelving scheme Dewey Decimal Classification
Koha item type Books
Holdings
Lost status Source of classification or shelving scheme Damaged status Not for loan Collection code Permanent Location Current Location Shelving location Date acquired Source of acquisition Cost, normal purchase price Total Checkouts Full call number Date last seen Copy number Koha item type
  Dewey Decimal Classification     Non-fiction Central Library, University of Rajshahi Central Library, University of Rajshahi   31/10/2009 I.B.S Rajshahi 500.00   B 891.44408 PRI 2009 13/08/2016 C-2 Books
  Dewey Decimal Classification     Non-fiction Central Library, University of Rajshahi Central Library, University of Rajshahi   31/10/2009 I.B.S Rajshahi 500.00   B 891.44408 PRI 2009 13/08/2016 C-5 Books
  Dewey Decimal Classification     Non-fiction Central Library, University of Rajshahi Central Library, University of Rajshahi   31/10/2009 I.B.S Rajshahi 500.00   B 891.44408 PRI 2009 13/08/2016 C-4 Books
  Dewey Decimal Classification     Non-fiction Central Library, University of Rajshahi Central Library, University of Rajshahi   31/10/2009 I.B.S Rajshahi 500.00   B 891.44408 PRI 2009 13/08/2016 C-3 Books
  Dewey Decimal Classification   Not For Loan Non-fiction Central Library, University of Rajshahi Central Library, University of Rajshahi Reading Room 31/10/2009 I. B. S Rajshahi 500.00   B 891.44408 PRI 2009 08/03/2017 C-1 Books